000 00737nam a2200229 a 4500
001 BRCA_7418
005 20190320205828.0
008 040413s1946----enka######---#000-0#eng-#
041 _aeng
044 _aenk
050 4 _aNK5143
_b.H66 1946
100 1 _aHoney, W. B.
_918286
245 1 0 _aGlass
_ba handbook for the study of glass vessels of all periods and countries and a guide to the museum collection
_cW. B. Honey.
260 _aLondres
_bVictoria & Albert Museum
_c1946
300 _axii, 169 p.
_bil., 72 láminas
500 _aQ153
650 1 4 _aVidrio
_zGran Bretaña
_918287
650 1 4 _aVidrio
_xColeccionistas y colecciones
_918288
650 1 4 _aGalerías y museos
_zInglaterra
_918289
902 _aGFM
942 _2lcc
_cB
999 _c7094
_d7094